LEADER 03456nam 2200673 a 450 001 9910144564403321 005 20170816121922.0 010 $a1-282-34610-5 010 $a9786612346101 010 $a0-470-51356-X 010 $a0-470-51357-8 035 $a(CKB)1000000000377096 035 $a(EBL)470558 035 $a(OCoLC)609849512 035 $a(SSID)ssj0000306151 035 $a(PQKBManifestationID)11195613 035 $a(PQKBTitleCode)TC0000306151 035 $a(PQKBWorkID)10298820 035 $a(PQKB)11002985 035 $a(MiAaPQ)EBC470558 035 $a(EXLCZ)991000000000377096 100 $a19870915d1987 uy 0 101 0 $aeng 135 $aur|n|---||||| 181 $ctxt 182 $cc 183 $acr 200 00$aPlant resistance to viruses$b[electronic resource] 210 $aChichester ;$aNew York $cWiley$d1987 215 $a1 online resource (227 p.) 225 1 $aCiba Foundation symposium ;$v133 300 $a"A Wiley-Interscience publication." 300 $a"Editors: David Evered (organizer) and Sara Harnett"--P. v. 300 $aSymposium held at the Ciba Foundation, London, 31 March-2 April 1987. 311 $a0-471-91263-8 320 $aIncludes bibliographical references and indexes. 327 $aPLANT RESISTANCE TOVIRUSES; Contents; Participants; Introduction; Genetics of plant resistance to viruses; Resistance of cowpeas to cowpea mosaic virus and to tobacco ringspot virus; Resistance mechanisms of tobacco mosaic virus strains in tomato and tobacco; The role of pathogenesis-related proteins; Characterization of pathogenesis- related proteins and genes; Mechanism of the hypersensitivity reaction of plants; Resistance systems related to the N gene and their comparison with interferon; Analysis of the N gene of Nicotiana; Mechanisms of cross-protection between plant virus strains 327 $aGenetic engineering of plants for protection against virus diseasesResistance to viral disease through expression of viral genetic material from the plant genome; Plant DNA viruses as gene vectors; Final general discussion; Summary; Index of contributors; Subject index 330 $aConcern about the environmental consequences of the widespread use of pesticides has increased, and evidence of pesticide-resistant virus vectors have continued to emerge. This volume presents a timely survey of the mechanisms of plant resistance and examines current developments in breeding for resistance, with particular emphasis on advances in genetic engineering which allow for the incorporation of viral genetic material into plants. Discusses the mechanisms of innate resistance in strains of tobacco, tomato, and cowpea; various aspects of induced resistance, including the characterization 410 0$aCiba Foundation symposium ;$v133. 606 $aVirus diseases of plants$vCongresses 606 $aPlants$xVirus resistance$vCongresses 606 $aPlant viruses$vCongresses 608 $aElectronic books. 615 0$aVirus diseases of plants 615 0$aPlants$xVirus resistance 615 0$aPlant viruses 676 $a581.234 676 $a582 676 $a582.0234 701 $aEvered$b David$0857127 701 $aHarnett$b Sara$0897408 801 0$bMiAaPQ 801 1$bMiAaPQ 801 2$bMiAaPQ 906 $aBOOK 912 $a9910144564403321 996 $aPlant resistance to viruses$92226311 997 $aUNINA LEADER 02172nam 2200565Ia 450 001 9910699646803321 005 20110103163828.0 035 $a(CKB)5470000002404469 035 $a(OCoLC)694802499 035 $a(EXLCZ)995470000002404469 100 $a20110103d2010 ua 0 101 0 $aeng 135 $aurmn||||||||| 181 $ctxt$2rdacontent 182 $cc$2rdamedia 183 $acr$2rdacarrier 200 10$aExperimental investigation of forces produced by misaligned steel rollers$b[electronic resource] /$fTimothy Krantz and Christopher DellaCorte, Michael Dube ; prepared for the 40th Aerospace Mechanisms Symposium cosponsored by the NASA Kennedy Space Center and Lockheed Martin Space Systems Company, Cocoa Beach, Florida, May 12-14, 2010 210 1$aCleveland, Ohio :$cNational Aeronautics and Space Administration, Glenn Research Center,$d[2010] 215 $a1 online resource (14 pages) $cillustrations 225 1 $aNASA/TM- ;$v2010-216741 300 $aTitle from title screen (viewed on Jan. 3, 2011). 300 $a"July 2010." 320 $aIncludes bibliographical references (page 14) 606 $aAxes of rotation$2nasat 606 $aInternational Space Station$2nasat 606 $aMisalignment$2nasat 606 $aRollers$2nasat 606 $aSteels$2nasat 606 $aLoads (forces)$2nasat 606 $aShafts (machine elements)$2nasat 606 $aSolar arrays$2nasat 615 7$aAxes of rotation. 615 7$aInternational Space Station. 615 7$aMisalignment. 615 7$aRollers. 615 7$aSteels. 615 7$aLoads (forces) 615 7$aShafts (machine elements) 615 7$aSolar arrays. 700 $aKrantz$b T. L$g(Timothy L.)$01394569 701 $aDellaCorte$b Christopher$01386701 701 $aDube$b Michael$01415028 712 02$aNASA Glenn Research Center. 712 12$aAerospace Mechanisms Symposium$d(40th :$f2010 :$eCocoa Beach, Fla.) 801 0$bGPO 801 1$bGPO 906 $aBOOK 912 $a9910699646803321 996 $aExperimental investigation of forces produced by misaligned steel rollers$93515912 997 $aUNINA